Speaking to power : gender and politics in the western Pacific /

Bibliographic Details
Main Author: Wilson, Lynn B., 1953-
Format: Book
Language:English
Published: New York : Routledge, 1995.
Subjects:

MARC

Tag First Indicator Second Indicator Subfields
LEADER 00000cam a2200000 a 4500
001 in00001237346
005 20151003062412.0
008 940512s1995 nyua b 001 0 eng
010 |a  94017760  
020 |a 0415909236 (alk. paper) 
020 |a 0415909244 (pbk. : alk. paper) 
035 |a (OCoLC)30594107 
035 |9 AGS7649AM 
040 |a DLC  |c DLC  |d TXA  |d UtOrBLW 
043 |a popl--- 
049 |a TXAM 
050 0 0 |a GN671.C3  |b W55 1995 
082 0 0 |a 306.2/09966  |2 20 
100 1 |a Wilson, Lynn B.,  |d 1953- 
245 1 0 |a Speaking to power :  |b gender and politics in the western Pacific /  |c Lynn B. Wilson. 
264 1 |a New York :  |b Routledge,  |c 1995. 
300 |a xii, 218 pages :  |b illustrations ;  |c 23 cm. 
336 |a text  |b txt  |2 rdacontent 
337 |a unmediated  |b n  |2 rdamedia 
338 |a volume  |b nc  |2 rdacarrier 
504 |a Includes bibliographical references (pages 205-216) and index. 
650 0 |a Ethnology  |z Palau. 
650 0 |a Political anthropology  |z Palau. 
650 0 |a Sex role  |z Palau. 
651 0 |a Palau  |x Politics and government. 
999 |a MARS 
999 f f |s 929cac73-2092-3b21-a02c-25b7f1e95788  |i 201e3ff9-74d5-3836-8612-9c4ea07006e1  |t 0 
952 f f |p ric  |a Texas A&M University  |b Rellis Campus  |c Joint Library Facility  |d Remote Storage  |t 0  |e GN671.C3 W55 1995  |h Library of Congress classification  |i unmediated -- volume  |m A14819169931 
998 f f |a GN671.C3 W55 1995  |t 0  |l Remote Storage